| 000 | 01616cam a22004694a 4500 | ||
|---|---|---|---|
| 001 | muse55751 | ||
| 003 | MdBmJHUP | ||
| 005 | 20210127151121.0 | ||
| 006 | m o d | ||
| 007 | cr||||||||nn|n | ||
| 008 | 820302s1982 nyu o 00 0 eng d | ||
| 010 | _z 82002460 | ||
| 020 | _a9781501706943 | ||
| 020 | _z0801414954 | ||
| 020 | _z9781501707148 | ||
| 035 | _a(OCoLC)560917090 | ||
| 040 |
_aMdBmJHUP _cMdBmJHUP |
||
| 050 | 0 | 4 |
_aPR3664.C43 _bC37 1982 |
| 082 | 0 |
_a823/.6 _219 |
|
| 100 | 1 | _aCastle, Terry. | |
| 245 | 1 | 0 |
_aClarissa's Ciphers _bMeaning and Disruption in Richardson's Clarissa / _cTerry Castle. |
| 264 | 1 | _bCornell University Press, | |
| 264 | 3 | _bProject MUSE, | |
| 300 | _a1 online resource (201 p.) | ||
| 500 | _aIncludes index. | ||
| 504 | _aBibliography: p. 189-196. | ||
| 506 | 0 |
_aOpen Access _fUnrestricted online access _2star |
|
| 588 | _aDescription based on print version record. | ||
| 600 | 1 | 1 |
_aRichardson, Samuel, _d1689-1761. _tClarissa. |
| 650 | 0 | _aReader-response criticism. | |
| 650 | 0 | _aRape victims in literature. | |
| 650 | 0 |
_aWomen and literature _zEngland _xHistory _y18th century. |
|
| 650 | 0 |
_aEpistolary fiction, English _xHistory and criticism. |
|
| 655 | 7 |
_aElectronic books. _2local |
|
| 710 | 2 |
_aProject Muse. _edistributor |
|
| 830 | 0 | _aBook collections on Project MUSE. | |
| 856 | 4 | 0 |
_zFull text available: _uhttps://muse.jhu.edu/book/47562/ |
| 999 |
_c24665 _d24665 |
||